| 000 | 00416nam a22001337a 4500 | ||
|---|---|---|---|
| 040 | _cNUST | ||
| 082 | _a200 THE | ||
| 100 |
_aSohaib Mustafa Saeed _9113538 |
||
| 110 |
_aSupervised by Dr. Tahir Habib Nawaz _9113539 |
||
| 245 | _aTH-SOF-2162-Action Recognition using Aerial Videos for Surveillance Scenarios | ||
| 260 |
_aISLAMABAD: _bNUST COLLEGE OF EME, _c2023. |
||
| 650 |
_aMS-MTS-20 _9107121 |
||
| 942 |
_2ddc _cTHE |
||
| 999 |
_c595211 _d595211 |
||